Michelangelo Antonioni
Shranjeno v:
| Glavni avtor: | |
|---|---|
| Format: | Knjiga |
| Jezik: | francoščina |
| Izdano: |
París
Seghers
1969
|
| Serija: | Cinéma D'Aujourd'hui, 2
|
| Teme: | |
| Oznake: |
Označite
Brez oznak, prvi označite!
|
MARC
| LEADER | 00000cam a2200000 a 4500 | ||
|---|---|---|---|
| 001 | UCV8317 | ||
| 003 | CL-VaPUC | ||
| 008 | 910327e19690000FR |||||||||||||||||fre|d | ||
| 082 | 0 | 4 | |a 791.4309 |b LEP |2 21 |
| 100 | |a Leprohon, Pierre |e author |9 602470 | ||
| 245 | 1 | 0 | |a Michelangelo Antonioni |
| 300 | |a 188 p | ||
| 942 | |c BK | ||
| 945 | |d 19910327 00:00:00 | ||
| 260 | |a París |b Seghers |c 1969 | ||
| 500 | |a Bibliografía: p. 184-188. | ||
| 600 | 0 | 7 | |a ANTONIONI, MICHELANGELO |2 CL-VaPUC |9 266440 |
| 650 | 0 | |a Cine |9 225706 | |
| 650 | 7 | |a PRODUCCION Y DIRECCION |2 CL-VaPUC |9 302383 | |
| 583 | |a last modification |c 20190402 08:52:33 |k Rodrigo Vera | ||
| 490 | 0 | |a Cinéma D'Aujourd'hui, 2 | |
| 999 | |c 213855 |d 213853 | ||
| 952 | |0 0 |1 0 |3 erb |4 0 |6 791_430900000000000_LEP_1969 |7 0 |8 A |9 196643 |a BIBART |b BIBART |i 5476054 |o 791.4309 LEP 1969 |p 5476054 |r 2025-03-13 |w 2019-11-14 |y BK |z Catalogado en:20180615 |k ART | ||